| 000 | 00550nam a2200205Ia 4500 | ||
|---|---|---|---|
| 003 | OSt | ||
| 005 | 20220408043840.0 | ||
| 008 | 151015s9999 xx 000 0 und d | ||
| 020 | _a1418860921 | ||
| 040 |
_cMMU _beng _dMMU _aMMU |
||
| 050 | _aHF 5548.4 .M525N485 2007 | ||
| 245 |
_aMicrosoft office 2003/ _c Ann Shaffer ...[et al.]. |
||
| 250 | _a 2nd ed. | ||
| 260 |
_aCanada : _bThomson, _c2007. |
||
| 300 |
_aREF22 p. ; _bill.; |
||
| 500 | _aIncludes index | ||
| 650 | _a_Microsoft office | ||
| 700 | _aAnne Shaffer | ||
| 942 |
_2lcc _cLOAN LOAN |
||
| 999 |
_c4073 _d4073 |
||